• 首页
  • 本馆介绍
  • 公告通知
  • 最新文献
  • 馆藏检索
  • 电子资源
  • 读者导购
  • 参考咨询
  • 我的图书馆
  • 登录
  • 详细信息显示
  • 放入我的书架
  • 预约/预借图书
  • 作者相关作品
  • 分类相关作品
  • 丛书相关作品
  • 出版社相关作品

书目信息

  • 表格格式
  • 工作单格式
  • 卡片格式
题名:
草地植被恢复与重建
    
 
作者: 王堃 著
分册:  
出版信息: 北京   化学工业出版社  2004
页数: 260页
开本: 24cm
丛书名: 草业与生态环境建设丛书
单 册:
中图分类: S812.4
科图分类:
主题词: 草地植被--培育 , 草地植被
电子资源:
ISBN: 7-5025-5426-2
000 00939oam2 2200265 450
001 002679890
005 20070805111025.15
010    @a7-5025-5426-2@dCNY30.00
100    @a20040712d2004 em y0chiy0110 ea
101 0  @achi
102    @aCN@b110000
105    @ay z 000yy
106    @ar
200 1  @a草地植被恢复与重建@Acao di zhi bei hui fu yu chong jian@f王堃著@Fwang kun zhu
210    @a北京@c化学工业出版社@d2004
215    @a260页@d24cm
225 2  @a草业与生态环境建设丛书@Acao ye yu sheng tai huan jing jian she cong shu
330    @a本书阐述了草地植被恢复与重建的理论框架、基本原理和技术应用问题,揭示了退化草地生态系统的成因和过程机制,论述了草地生态恢复的方法、步骤及评价体系等内容。
461  0 @1001002628311@12001 @a草业与生态环境建设丛书
606 0  @a草地植被@x培育
606 0  @a草地植被
690    @aS812.4@v4
701  0 @a王堃@Awang kun@c(农艺师)@4著
801  0 @aCN@bNLC@c20070805
905    @dS812.4@e72@f3
    
    草地植被恢复与重建/王堃著.-北京:化学工业出版社,2004
    260页;24cm.-(草业与生态环境建设丛书)
    
    
    ISBN 7-5025-5426-2:CNY30.00
    本书阐述了草地植被恢复与重建的理论框架、基本原理和技术应用问题,揭示了退化草地生态系统的成因和过程机制,论述了草地生态恢复的方法、步骤及评价体系等内容。
●
相关链接 在E读中查询图书 在五车中查询图书 在当当中查询图书 在豆瓣中查询图书


正题名:草地植被恢复与重建     索取号:S812.4/72         预约/预借

序号 登录号 条形码 馆藏地/架位号 状态 备注
1 0850975   208509755   第二样本阅览室/ [索取号:S812.4/72] 在馆    
2 0850976   208509764   第三借阅区/ [索取号:S812.4/72] 在馆    
3 0850977   208509773   第三借阅区/ [索取号:S812.4/72] 在馆    
唐山师范学院图书馆 欢迎您!
大连网信软件有限公司© 版权所有